000 00948nam a2200253Ia 4500
003 OSt
005 20220923224051.0
006 a|||||r|||| 00| 0
007 ta
008 220922b |||||||| |||| 00| 0 hin d
024 _a224,605
037 _cTextual
040 _aARTS
_cARTS
_bhin
041 _2hin
_ahin
082 _aO152,3N334:g, M5
100 _aगोंयनका, कमल किशोर, संपा.
_9160050
245 0 _aजगदीश चतुर्वेदी
_b विवादास्पद रचनाकार
246 _aJagadīsh chaturvedī: vivādāspad rachanākāra
260 _aदिल्ली
_b पल्लवी प्रकाशन
_c1985
300 _a480पृ.
_ccm.
650 _aहिन्दी साहित्य
_9156264
942 _hO152,3N334:g, M5
_cTEXL
_2CC
999 _c368994
_d368994